Harry Potter: le Coffre Fort de la Famille Lestrange - Statistiques

Statistiques générales
  • Ce quiz a été pris 59 fois
  • Le résultat moyen est 6 sur 7
Statistiques - réponses
Information Réponses % Correct
Première apparition Harry Potter et les Reliques de la Mort
98%
Dernière apparition Harry Potter et les Reliques de la Mort
98%
Objet contenu Coupe de Poufsouffle
92%
Propriétaire Famille Lestrange
83%
Emplacement Gringotts
75%
Gardien Dragon
71%
Objet contenu Epée de Gryffondor (leurre)
69%
Aucun quiz correspondant
Distribution des résultats
% des personnes avec chaque résultat
Percentile par nombre de réponses
Votre historique - résultats
Vous n’avez pas pris ce quiz